[Event "Carlsen Inv Prelim"]
[Site "chess24.com INT"]
[Date "2020.04.21"]
[Round "2.5"]
[White "Ding Liren"]
[Black "Caruana, F"]
[Result "0-1"]
[WhiteElo "2791"]
[BlackElo "2835"]
[EventDate "2020.04.18"]
[WhiteTitle "GM"]
[BlackTitle "GM"]
[WhiteFideId "8603677"]
[BlackFideId "2020009"]

1.Nf3 d5 2.g3 g6 3.Bg2 Bg7 4.d4 Nf6 5.O-O c6 6.b3 O-O 7.c4 a5 8.Nc3 Ne4 9.
Bb2 Nxc3 10.Bxc3 a4 11.cxd5 cxd5 12.bxa4 Bd7 13.Qb3 Bxa4 14.Qxb7 Nc6 15.
Rfb1 Qd6 16.Qb2 Na5 17.Bb4 Qe6 18.e3 Nc4 19.Qe2 Bb5 20.Qe1 Rfb8 21.Nd2 Qd7
22.Nb3 e5 23.dxe5 Nxe5 24.Bc3 Bc4 25.Qd2 Qf5 26.Rd1 h5 27.Nd4 Qd7 28.h4 
Ra3 29.Rdc1 Rba8 30.Rc2 Bd3 31.Rcc1 Bc4 32.Nb3 Qf5 33.Rd1 Nf3+ 34.Bxf3 
Bxc3 35.Qxc3 Qxf3 36.Qb2 Rxa2 0-1

[Event "Carlsen Inv Prelim"]
[Site "chess24.com INT"]
[Date "2020.04.23"]
[Round "3.4"]
[White "Ding Liren"]
[Black "Vachier Lagrave, M"]
[Result "1/2-1/2"]
[WhiteElo "2791"]
[BlackElo "2778"]
[EventDate "2020.04.18"]
[WhiteTitle "GM"]
[BlackTitle "GM"]
[WhiteFideId "8603677"]
[BlackFideId "623539"]

1.d4 d5 2.c4 c6 3.Nf3 Nf6 4.cxd5 cxd5 5.Nc3 Nc6 6.Bf4 Bf5 7.e3 e6 8.Be2 
Bd6 9.Ne5 O-O 10.Nxc6 bxc6 11.Bxd6 Qxd6 12.O-O c5 13.Nb5 Qb6 14.dxc5 Qxc5 
15.Rc1 Qb6 16.Qd4 Qxd4 17.Nxd4 Rfb8 18.b3 Bg6 19.Rc7 Ne8 20.Rc5 Kf8 21.
Rfc1 Nd6 22.f3 Rc8 23.Ba6 Rxc5 24.Rxc5 Ke8 25.Kf2 Kd7 26.Ke1 Rb8 27.Kd2 
Rb6 28.Bf1 e5 29.Nb5 Nxb5 30.Rxb5 Rxb5 31.Bxb5+ Kd6 32.b4 f6 33.Kc3 Bf5 
34.a4 h6 35.a5 Bc8 36.g3 g5 37.f4 Be6 38.fxe5+ fxe5 39.Be8 Bc8 40.Kb3 Bg4 
41.Kc3 Bc8 42.Bb5 Be6 43.Ba4 Bc8 44.Bb5 Be6 1/2-1/2

[Event "Carlsen Inv Prelim"]
[Site "chess24.com INT"]
[Date "2020.04.19"]
[Round "1.2"]
[White "Nepomniachtchi, I"]
[Black "Caruana, F"]
[Result "1/2-1/2"]
[WhiteElo "2784"]
[BlackElo "2835"]
[EventDate "2020.04.18"]
[WhiteTitle "GM"]
[BlackTitle "GM"]
[WhiteFideId "4168119"]
[BlackFideId "2020009"]

1.e4 e5 2.Nf3 Nc6 3.Bb5 a6 4.Ba4 Nf6 5.O-O b5 6.Bb3 Bc5 7.a4 Bb7 8.d3 O-O 
9.Bg5 h6 10.Bh4 Be7 11.axb5 axb5 12.Rxa8 Qxa8 13.Na3 Qa5 14.Bd5 d6 15.c4 
bxc4 16.Nxc4 Qb5 17.Ne3 Bc8 18.Bxf6 Bxf6 19.Qc2 Bd7 20.Ra1 Rb8 21.b3 Bd8 
22.Bc4 Qc5 23.h3 Nb4 24.Qd1 c6 25.Rc1 Qa7 26.d4 exd4 27.Nxd4 Bf6 28.Nf3 
Qc7 29.Qd2 c5 30.Rd1 Bc6 31.Ng4 Bxe4 32.Nxf6+ gxf6 33.Qf4 Bg6 34.Rxd6 Rb6 
35.Rxf6 Qxf4 36.Rxf4 Nd3 37.Rg4 Nb2 38.Ne5 Nxc4 39.bxc4 Kg7 40.h4 Re6 41.
Nd7 h5 42.Rf4 Rc6 43.Ne5 Rd6 44.Nxg6 Kxg6 45.Re4 Rd1+ 46.Kh2 Rc1 47.Kg3 
Rc2 48.Kf3 Kf5 49.Rf4+ Kg6 50.g4 Rc3+ 51.Ke2 hxg4 52.Rxg4+ Kh5 53.Rf4 Kg6 
54.Kd2 Rh3 55.Rg4+ Kf5 56.Rg5+ Ke4 57.Rxc5 Rxh4 58.Rd5 Rh3 59.Kc2 Rf3 60.
Rd2 Ke5 61.Kd1 Ke6 62.Rc2 Kd6 63.Ke2 Ra3 64.f3 Kc5 65.Kf2 Rd3 66.Rc1 Rd4 
67.Ke3 f5 68.f4 Rxc4 1/2-1/2

[Event "Carlsen Inv Prelim"]
[Site "chess24.com INT"]
[Date "2020.04.27"]
[Round "5.2"]
[White "Ding Liren"]
[Black "Nepomniachtchi, I"]
[Result "1-0"]
[WhiteElo "2791"]
[BlackElo "2784"]
[EventDate "2020.04.18"]
[WhiteTitle "GM"]
[BlackTitle "GM"]
[WhiteFideId "8603677"]
[BlackFideId "4168119"]

1.d4 Nf6 2.c4 g6 3.f3 d5 4.cxd5 Nxd5 5.e4 Nb6 6.Nc3 Bg7 7.Be3 O-O 8.Qd2 
Nc6 9.O-O-O Qd6 10.Nb5 Qd7 11.Kb1 a6 12.Nc3 Rd8 13.d5 Qe8 14.Qc1 Na7 15.h4
Nb5 16.Nge2 e6 17.h5 exd5 18.hxg6 fxg6 19.Bxb6 cxb6 20.Nxd5 Be6 21.Nef4 
Bf7 22.Bxb5 axb5 23.a3 g5 24.Nc7 Qe5 25.Nxa8 Rxa8 26.Nd5 h6 27.Qc3 Qe6 28.
Qb4 Kh7 29.Rd2 Rc8 30.Qe7 Qg6 31.Qxb7 Rc6 32.Qd7 Rc5 33.Ne7 Qf6 34.Nf5 1-0

[Event "Carlsen Inv Prelim"]
[Site "chess24.com INT"]
[Date "2020.04.30"]
[Round "7.1"]
[White "Giri, A"]
[Black "Caruana, F"]
[Result "1/2-1/2"]
[WhiteElo "2764"]
[BlackElo "2835"]
[EventDate "2020.04.18"]
[WhiteTitle "GM"]
[BlackTitle "GM"]
[WhiteFideId "24116068"]
[BlackFideId "2020009"]

1.c4 e5 2.d3 Nf6 3.Nf3 Nc6 4.e3 d5 5.cxd5 Nxd5 6.a3 a5 7.Be2 Bd6 8.O-O O-O
9.Nc3 Be6 10.Qc2 Qe7 11.Re1 Kh8 12.Bd2 Nb6 13.Na4 Nd7 14.d4 exd4 15.exd4 
Qf6 16.Be3 Qg6 17.Qxg6 hxg6 18.Rac1 f6 19.Nh4 Ne7 20.h3 g5 21.Nf3 Bd5 22.
Nc3 Nb6 23.Nxd5 Nexd5 24.Bd2 g6 25.g3 Kg7 26.Kg2 c6 27.Bd3 a4 28.Re6 Rad8 
29.Rce1 Rd7 30.h4 g4 31.Nh2 Nc7 32.R6e2 f5 33.f3 gxf3+ 34.Nxf3 Nbd5 35.Bc4
Re7 36.Rxe7+ Bxe7 37.Ng5 Bxg5 38.Bxg5 Re8 39.Rxe8 Nxe8 40.Kf3 Nd6 41.Bd3 
b5 42.g4 fxg4+ 43.Kxg4 Nc4 44.Bc1 Kf6 45.Kf3 Kf7 46.Kg4 Kf6 47.Kf3 Nd6 48.
Bg5+ Kf7 49.Kg4 Nc4 50.Bc1 Kf6 1/2-1/2

[Event "Carlsen Inv Prelim"]
[Site "chess24.com INT"]
[Date "2020.04.29"]
[Round "6.4"]
[White "Vachier Lagrave, M"]
[Black "Caruana, F"]
[Result "1-0"]
[WhiteElo "2778"]
[BlackElo "2835"]
[EventDate "2020.04.18"]
[WhiteTitle "GM"]
[BlackTitle "GM"]
[WhiteFideId "623539"]
[BlackFideId "2020009"]

1.e3 e5 2.c4 Nf6 3.Nc3 Bb4 4.Nge2 c6 5.a3 Ba5 6.b4 Bc7 7.d4 O-O 8.Bb2 d5 
9.cxd5 cxd5 10.Nb5 e4 11.Nxc7 Qxc7 12.Rc1 Qe7 13.Nf4 Be6 14.Be2 Nbd7 15.
O-O Rfc8 16.Qb3 Nb6 17.Rc5 Nfd7 18.Rd1 a6 19.a4 Rd8 20.Rc7 Qd6 21.Rdc1 
Rac8 22.Rxc8 Rxc8 23.Rc5 Qe7 24.Rxc8+ Nxc8 25.b5 axb5 26.Qxb5 Nf6 27.h4 h6
28.Qc5 Qd8 29.Ba3 Bf5 30.Bb5 g5 31.hxg5 hxg5 32.Ne2 Kg7 33.Bb4 Be6 34.a5 
b6 35.axb6 Qxb6 36.f4 exf3 37.Qf8+ Kg6 38.Bd3+ Bf5 39.Bxf5+ Kxf5 40.Qxc8+ 
Kg6 41.Ng3 Qxb4 42.Qf5+ Kg7 43.Qxg5+ Kf8 44.Qxf6 Qe1+ 45.Nf1 1-0

[Event "Carlsen Inv Prelim"]
[Site "chess24.com INT"]
[Date "2020.04.25"]
[Round "4.1"]
[White "Ding Liren"]
[Black "Giri, A"]
[Result "1/2-1/2"]
[WhiteElo "2791"]
[BlackElo "2764"]
[EventDate "2020.04.18"]
[WhiteTitle "GM"]
[BlackTitle "GM"]
[WhiteFideId "8603677"]
[BlackFideId "24116068"]

1.Nf3 c5 2.c4 Nf6 3.Nc3 Nc6 4.e3 e6 5.d4 d5 6.cxd5 exd5 7.Bb5 cxd4 8.Nxd4 
Bd7 9.O-O Bd6 10.b3 O-O 11.Bb2 Re8 12.Nce2 Be5 13.Nxc6 bxc6 14.Bxe5 Rxe5 
15.Bd3 c5 16.Rc1 Qb6 17.Qd2 Rc8 18.Rfd1 a5 19.Nf4 a4 20.Rc3 axb3 21.axb3 
Rce8 22.h3 d4 23.exd4 cxd4 24.Rc4 Qxb3 25.Rxd4 Qxd1+ 26.Qxd1 Re1+ 27.Qxe1 
Rxe1+ 28.Kh2 Re7 29.Nd5 Nxd5 30.Rxd5 g6 31.Rd4 Be6 32.Bc4 Bxc4 33.Rxc4 Kg7
34.g3 h5 35.Kg2 Re6 36.h4 Re7 37.Rc3 Re6 38.Rc4 Re7 39.Rc3 Re6 40.Rc4 
1/2-1/2

[Event "Carlsen Inv Prelim"]
[Site "chess24.com INT"]
[Date "2020.04.22"]
[Round "3.3"]
[White "Caruana, F"]
[Black "Carlsen, M"]
[Result "1/2-1/2"]
[WhiteElo "2835"]
[BlackElo "2863"]
[EventDate "2020.04.18"]
[WhiteTitle "GM"]
[BlackTitle "GM"]
[WhiteFideId "2020009"]
[BlackFideId "1503014"]

1.e4 e5 2.Nf3 Nc6 3.Bb5 a6 4.Ba4 Nf6 5.O-O b5 6.Bb3 Bc5 7.a4 Rb8 8.axb5 
axb5 9.Nxe5 Nxe5 10.d4 Bxd4 11.Qxd4 d6 12.f4 Nc6 13.Qc3 Ne7 14.Ra7 c5 15.
e5 Ne4 16.Qf3 d5 17.c3 c4 18.Bc2 Bg4 19.Rxe7+ Qxe7 20.Qxg4 Qc5+ 21.Kh1 
Nf2+ 22.Rxf2 Qxf2 23.Qd1 O-O 24.Bd2 d4 25.cxd4 Rfd8 26.Qc1 b4 27.Be3 Qe2 
28.Bg1 c3 29.bxc3 bxc3 30.Nxc3 Qc4 31.Nd1 Rbc8 32.Ne3 Qxd4 33.Qf1 Qd2 34.
Qb1 h6 35.h3 Rc3 36.Qb6 Qd4 37.Qa5 Rc5 38.Qa7 Rxc2 39.Nxc2 Qxf4 40.Nd4 Qe4
41.Qb6 Rd5 42.Nf3 Rd3 43.Qb8+ Kh7 44.Qb1 Re3 45.Qf1 Rd3 46.Bf2 Rb3 47.Kh2 
Rb1 48.Qa6 Rb2 49.Qa7 Qf4+ 50.Kh1 Qc1+ 51.Bg1 Qc2 52.Nh4 Qe4 53.Qe7 Rb7 
54.Qd8 Rb3 55.Nf3 Rxf3 56.gxf3 Qxf3+ 57.Kh2 Qf4+ 58.Kg2 Qe4+ 59.Kf1 Qf3+ 
60.Bf2 Qxh3+ 61.Kg1 Qg4+ 62.Kf1 Qh3+ 63.Kg1 Qg4+ 64.Kf1 Qh3+ 1/2-1/2

[Event "Carlsen Inv Prelim"]
[Site "chess24.com INT"]
[Date "2020.04.28"]
[Round "6.4"]
[White "Giri, A"]
[Black "Firouzja, Alireza"]
[Result "1/2-1/2"]
[WhiteElo "2764"]
[BlackElo "2728"]
[EventDate "2020.04.18"]
[WhiteTitle "GM"]
[BlackTitle "GM"]
[WhiteFideId "24116068"]
[BlackFideId "12573981"]

1.e4 c6 2.d4 d5 3.e5 Bf5 4.Nf3 e6 5.Be2 Ne7 6.c3 h6 7.O-O Nd7 8.Nbd2 Bh7 
9.b4 a5 10.Nb3 axb4 11.cxb4 Nc8 12.Bd2 Ncb6 13.Nc5 Nxc5 14.bxc5 Nc4 15.Bc3
Be7 16.a4 b6 17.cxb6 Qxb6 18.a5 Qb5 19.Nd2 O-O 20.Ra2 c5 21.Nxc4 dxc4 22.
Rb2 Qc6 23.Bf3 Be4 24.Bxe4 Qxe4 25.Re1 Qd3 26.Qxd3 cxd3 27.dxc5 Rfc8 28.
Rd2 Rxc5 29.Rxd3 Rxc3 30.Rxc3 Bb4 31.Rcc1 Bxe1 32.Rxe1 Rxa5 33.h4 h5 34.g3
g6 35.Kg2 Kg7 36.f4 Ra2+ 37.Kf3 Ra3+ 38.Re3 Ra1 39.Re2 Ra3+ 40.Re3 Ra1 
1/2-1/2

[Event "Carlsen Inv Prelim"]
[Site "chess24.com INT"]
[Date "2020.04.28"]
[Round "6.1"]
[White "Firouzja, Alireza"]
[Black "Giri, A"]
[Result "1-0"]
[WhiteElo "2728"]
[BlackElo "2764"]
[EventDate "2020.04.18"]
[WhiteTitle "GM"]
[BlackTitle "GM"]
[WhiteFideId "12573981"]
[BlackFideId "24116068"]

1.d4 Nf6 2.c4 e6 3.Nf3 d5 4.Nc3 Bb4 5.e3 O-O 6.Bd2 b6 7.cxd5 exd5 8.Rc1 
Bb7 9.Nb5 Bxd2+ 10.Nxd2 c6 11.Nc3 Re8 12.Be2 Ba6 13.O-O Bxe2 14.Nxe2 Qd6 
15.Qa4 a5 16.Rc3 Ra7 17.Rfc1 Rc7 18.Ng3 Rec8 19.Nf3 Nbd7 20.Ne1 g6 21.Nd3 
h5 22.f3 h4 23.Nf1 Kg7 24.a3 h3 25.g4 c5 26.Nf4 Rh8 27.Ng3 Nf8 28.dxc5 
bxc5 29.Qxa5 N8d7 30.g5 Nh7 31.Nxh3 Rb7 32.b4 cxb4 33.axb4 Rxb4 34.f4 Nhf8
35.Nf2 Ne6 36.Rc6 Qe7 37.Qxd5 Nef8 38.Qd3 Rh4 39.Nfe4 Kh7 40.Rc7 Qe6 41.
Nf2 Rb3 42.R7c3 Rb2 43.Nge4 Rb6 44.Kg2 Rh5 45.Kg3 Qf5 46.Ng4 Kg8 47.Nef6+ 
Nxf6 48.Qxf5 gxf5 49.Nxf6+ Rxf6 50.gxf6 Kh7 51.Rc8 Ne6 52.Rd1 Kg6 53.Rd5 
Kxf6 54.e4 Ng7 55.e5+ Kg6 56.Rg8 Kh7 57.Rdd8 1-0

[Event "Carlsen Inv Prelim"]
[Site "chess24.com INT"]
[Date "2020.04.27"]
[Round "5.4"]
[White "Ding Liren"]
[Black "Nepomniachtchi, I"]
[Result "1-0"]
[WhiteElo "2791"]
[BlackElo "2784"]
[EventDate "2020.04.18"]
[WhiteTitle "GM"]
[BlackTitle "GM"]
[WhiteFideId "8603677"]
[BlackFideId "4168119"]

1.Nf3 Nf6 2.g3 c5 3.Bg2 Nc6 4.O-O e5 5.e4 Nxe4 6.Re1 Nf6 7.Nxe5 Be7 8.c4 
O-O 9.Nc3 Nxe5 10.Rxe5 d6 11.Re1 Be6 12.Bxb7 Rb8 13.Bg2 Bxc4 14.d4 Be6 15.
b3 Rb4 16.dxc5 dxc5 17.Qxd8 Rxd8 18.Ba3 Rbb8 19.Na4 Rdc8 20.Rac1 Nd7 21.
Bd5 Bxd5 22.Rxe7 Bc6 23.Nxc5 Nxc5 24.Rxc5 a6 25.f4 h6 26.Kf2 Bb5 27.Ke3 
Rd8 28.Rcc7 Rd3+ 29.Ke4 Rd2 30.Rxf7 Re8+ 31.Kf5 Bd3+ 32.Kg4 Rxh2 33.Rxg7+ 
Kh8 34.Bd6 Rf2 35.Bc5 Rd2 36.Bb4 Rc2 37.Rxc2 Kxg7 38.Rc7+ Kg6 39.Rc6+ Kf7 
40.Rxh6 Re2 41.Rd6 Re3 42.Kh4 Be2 43.g4 Rf3 44.Rd4 Rf2 45.Kg5 1-0

[Event "Carlsen Inv Prelim"]
[Site "chess24.com INT"]
[Date "2020.04.28"]
[Round "6.3"]
[White "Firouzja, Alireza"]
[Black "Giri, A"]
[Result "1-0"]
[WhiteElo "2728"]
[BlackElo "2764"]
[EventDate "2020.04.18"]
[WhiteTitle "GM"]
[BlackTitle "GM"]
[WhiteFideId "12573981"]
[BlackFideId "24116068"]

1.d4 Nf6 2.c4 g6 3.Nc3 d5 4.cxd5 Nxd5 5.e4 Nxc3 6.bxc3 Bg7 7.Be3 c5 8.Rc1 
O-O 9.Qd2 e5 10.d5 Qd6 11.f3 f5 12.Qc2 Nd7 13.Nh3 f4 14.Bd2 Nb6 15.Nf2 c4 
16.Be2 Bd7 17.O-O Qc7 18.Rb1 Nc8 19.a4 Rf6 20.Rb4 Nd6 21.Rfb1 g5 22.Qa2 
Rc8 23.a5 h5 24.h3 Rg6 25.Kf1 Bf6 26.Bd1 Bd8 27.Ra1 Rb8 28.Be1 b5 29.axb6 
axb6 30.Qb1 Qb7 31.Rb2 b5 32.Rba2 Bb6 33.Ra6 Kf7 34.R1a2 Rgg8 35.Qa1 Qc7 
36.Be2 Bc8 37.Ra8 Rxa8 38.Rxa8 Qc5 39.Qa3 Bd7 40.Qxc5 Bxc5 41.Ra6 Ke7 42.
Nd1 Rb8 43.Bf2 Bxf2 44.Kxf2 g4 45.h4 b4 46.cxb4 Rxb4 47.Ke1 g3 48.Ra8 Bc8 
49.Kd2 Rb6 50.Kc2 Rb7 51.Nb2 Rc7 52.Ra4 Bd7 53.Rb4 Ra7 54.Nxc4 Nxc4 55.
Bxc4 Ra1 56.Rb6 Rg1 57.Rh6 Rxg2+ 58.Kc3 Rf2 59.d6+ Kf8 60.Rg6 Rxf3+ 61.Kb4
1-0

[Event "Carlsen Inv Prelim"]
[Site "chess24.com INT"]
[Date "2020.04.26"]
[Round "5.2"]
[White "Carlsen, M"]
[Black "Giri, A"]
[Result "0-1"]
[WhiteElo "2863"]
[BlackElo "2764"]
[EventDate "2020.04.18"]
[WhiteTitle "GM"]
[BlackTitle "GM"]
[WhiteFideId "1503014"]
[BlackFideId "24116068"]

1.d4 Nf6 2.c4 e6 3.Nf3 d5 4.Nc3 Bb4 5.cxd5 exd5 6.Bf4 Ne4 7.Rc1 Nc6 8.Nd2 
g5 9.Be3 Nxc3 10.bxc3 Ba3 11.Rb1 f5 12.g3 Bd6 13.Rg1 O-O 14.h4 f4 15.gxf4 
g4 16.Rb5 Ne7 17.f5 h5 18.Bg5 c6 19.Rb2 Rxf5 20.e4 Rxg5 21.hxg5 Ng6 22.e5 
Bf8 23.Bd3 Nf4 24.Nf1 Qxg5 25.f3 Nxd3+ 26.Qxd3 Qc1+ 27.Kf2 Qxb2+ 28.Nd2 
Bf5 29.Qxf5 Qxd2+ 30.Kg3 Qxc3 31.Kh4 Qxd4 32.Rg3 Bg7 33.f4 Rf8 0-1

[Event "Carlsen Inv Prelim"]
[Site "chess24.com INT"]
[Date "2020.04.30"]
[Round "7.4"]
[White "Caruana, F"]
[Black "Giri, A"]
[Result "1-0"]
[WhiteElo "2835"]
[BlackElo "2764"]
[EventDate "2020.04.18"]
[WhiteTitle "GM"]
[BlackTitle "GM"]
[WhiteFideId "2020009"]
[BlackFideId "24116068"]

1.c4 e5 2.e3 Nf6 3.Nc3 Bb4 4.Nge2 O-O 5.a3 Be7 6.b4 a5 7.b5 c6 8.d4 d6 9.
Bb2 Be6 10.d5 cxd5 11.cxd5 Bc8 12.Ng3 Nbd7 13.a4 Nc5 14.Ba3 Qb6 15.Bd3 Bg4
16.Qb1 Nxd3+ 17.Qxd3 Rfc8 18.O-O Qd8 19.h3 Bd7 20.Bb2 Rc5 21.f4 exf4 22.
Rxf4 Rac8 23.Raf1 Kh8 24.Nge4 1-0

[Event "Carlsen Inv Prelim"]
[Site "chess24.com INT"]
[Date "2020.04.23"]
[Round "3.1"]
[White "Giri, A"]
[Black "Nepomniachtchi, I"]
[Result "1/2-1/2"]
[WhiteElo "2764"]
[BlackElo "2784"]
[EventDate "2020.04.18"]
[WhiteTitle "GM"]
[BlackTitle "GM"]
[WhiteFideId "24116068"]
[BlackFideId "4168119"]

1.d4 Nf6 2.c4 g6 3.Nc3 d5 4.cxd5 Nxd5 5.e4 Nxc3 6.bxc3 Bg7 7.Bc4 c5 8.Ne2 
O-O 9.O-O Nc6 10.Be3 b6 11.Rc1 Bb7 12.Bb5 Rc8 13.Qd2 e6 14.Rfd1 cxd4 15.
cxd4 Qd6 16.h4 Qb4 17.Qd3 Rfd8 18.a3 Qe7 19.Bg5 Bf6 20.Qe3 h6 21.Bxh6 Nxd4
22.Rxc8 Nxe2+ 23.Bxe2 Bxc8 24.h5 Rxd1+ 25.Bxd1 Qd8 26.Bc2 Qc7 27.Bd1 Qd8 
28.Bc2 Qc7 29.Bd1 Qd8 1/2-1/2

[Event "Carlsen Inv Prelim"]
[Site "chess24.com INT"]
[Date "2020.04.23"]
[Round "3.3"]
[White "Vachier Lagrave, M"]
[Black "Ding Liren"]
[Result "1/2-1/2"]
[WhiteElo "2778"]
[BlackElo "2791"]
[EventDate "2020.04.18"]
[WhiteTitle "GM"]
[BlackTitle "GM"]
[WhiteFideId "623539"]
[BlackFideId "8603677"]

1.d4 Nf6 2.c4 e6 3.Nc3 Bb4 4.Qc2 d5 5.cxd5 exd5 6.Bf4 c5 7.dxc5 Nc6 8.e3 
Qa5 9.Nf3 Bf5 10.Bd3 Bxc3+ 11.bxc3 Bxd3 12.Qxd3 Qxc5 13.O-O O-O 14.Rfc1 
Rfc8 15.h3 Ne4 16.c4 Na5 17.Qxd5 Qxd5 18.cxd5 Nc3 19.Kf1 Nxd5 20.Be5 f6 
21.Bd4 b6 22.Ke2 Kf7 23.Nd2 Ke6 24.g4 Rc6 25.Rxc6+ Nxc6 26.Bb2 Rc8 27.Rc1 
Nce7 28.Rxc8 Nxc8 29.Kd3 Nd6 30.a3 g6 31.Nf3 b5 32.Bc1 a6 33.Nd4+ Kd7 34.
Nb3 Kc6 35.e4 Ne7 36.Bb2 f5 37.Nd4+ Kd7 38.exf5 gxf5 39.Bc1 fxg4 40.hxg4 
Nd5 41.f4 b4 42.f5 bxa3 43.Bxa3 Nb5 44.Bb2 Nxd4 45.Kxd4 Nb6 46.Bc3 Ke7 47.
g5 Kf7 48.Bb4 Nc8 49.Bc5 Ne7 50.Bxe7 Kxe7 51.Kc5 a5 52.Kb5 Kd6 53.Kxa5 Ke5
54.f6 Ke6 55.Kb5 h6 56.gxh6 Kxf6 57.h7 Kg7 58.h8=Q+ Kxh8 1/2-1/2

[Event "Carlsen Inv Prelim"]
[Site "chess24.com INT"]
[Date "2020.04.23"]
[Round "3.2"]
[White "Ding Liren"]
[Black "Vachier Lagrave, M"]
[Result "1/2-1/2"]
[WhiteElo "2791"]
[BlackElo "2778"]
[EventDate "2020.04.18"]
[WhiteTitle "GM"]
[BlackTitle "GM"]
[WhiteFideId "8603677"]
[BlackFideId "623539"]

1.d4 d5 2.c4 c6 3.Nf3 Nf6 4.e3 Bf5 5.Nc3 e6 6.Nh4 Be4 7.f3 Bg6 8.Qb3 Qc7 
9.Bd2 Be7 10.g3 dxc4 11.Bxc4 a6 12.e4 b5 13.Be2 Nbd7 14.O-O O-O 15.e5 Nd5 
16.Nxd5 cxd5 17.Nxg6 hxg6 18.Qd3 Rac8 19.Rfc1 Qb6 20.Kg2 Rc4 21.Be3 Rfc8 
22.f4 Qa5 23.a3 Rxc1 24.Rxc1 Rxc1 25.Bxc1 Qc7 26.Qd2 Qc6 27.Bd3 Bd8 28.Qc2
Qxc2+ 29.Bxc2 Bb6 30.Be3 Nb8 31.a4 Nc6 32.axb5 axb5 33.Bd3 b4 34.Bb5 Nxd4 
35.Bd3 Bc5 36.h4 Nb3 37.Kf3 Kf8 38.Bc2 Bxe3 39.Kxe3 Nc5 40.Kd4 b3 41.Bd1 
Ne4 42.g4 Nf2 43.Bf3 Nh3 44.Ke3 d4+ 45.Kxd4 Nxf4 46.Ke3 g5 47.hxg5 Nh3 48.
g6 fxg6 49.Bd1 Ke7 50.Bxb3 Ng5 51.Bc2 Nf7 52.Kd4 Nh6 53.Bd1 Kd7 54.Bf3 g5 
55.b4 Kc7 56.Bd1 Kb6 57.Be2 Kc6 58.Bc4 Nxg4 59.Bxe6 Nxe5 60.Kxe5 Kb5 61.
Kf5 Kxb4 62.Kxg5 g6 63.Kxg6 1/2-1/2

[Event "Carlsen Inv Prelim"]
[Site "chess24.com INT"]
[Date "2020.04.23"]
[Round "3.2"]
[White "Nepomniachtchi, I"]
[Black "Giri, A"]
[Result "1-0"]
[WhiteElo "2784"]
[BlackElo "2764"]
[EventDate "2020.04.18"]
[WhiteTitle "GM"]
[BlackTitle "GM"]
[WhiteFideId "4168119"]
[BlackFideId "24116068"]

1.c4 e5 2.Nc3 Nf6 3.Nf3 Nc6 4.g3 d5 5.cxd5 Nxd5 6.Bg2 Bc5 7.Qc2 Ndb4 8.Qa4
Bd7 9.Qd1 Nd4 10.O-O Nxf3+ 11.Bxf3 Nc6 12.d3 O-O 13.Be3 Nd4 14.Bxb7 Rb8 
15.Bg2 Rxb2 16.Rb1 Qb8 17.Bxd4 Bxd4 18.Nd5 Bg4 19.Ne7+ Kh8 20.Nc6 Qb6 21.
Nxd4 exd4 22.Bf3 Bh3 23.Rxb2 Qxb2 24.Qc1 Rb8 25.Qxc7 Bxf1 26.Kxf1 f6 27.
Qxa7 Qb6 28.Qf7 Qc5 29.Kg2 Rf8 30.Qd7 Qa3 31.Qe6 f5 32.h4 h6 33.Qc4 Kh7 
34.h5 Rf6 35.Bd5 Qc3 36.Qb5 Qc8 37.Bf3 Qa6 38.Qb3 Qa5 39.a4 Ra6 40.Qf7 Rd6
41.Qe7 Rd8 42.Bc6 Kh8 43.Kh2 Rc8 44.Qe6 Qa6 45.Bd7 Qxe6 46.Bxe6 Re8 47.
Bxf5 Rxe2 48.Kg2 Ra2 49.Bd7 g6 50.hxg6 Kg7 51.Be8 Ra3 52.Bb5 Kxg6 53.f4 
Ra1 54.Kf3 Kf6 55.g4 Ke6 56.Ke4 Rg1 57.Ba6 Ra1 58.Bc4+ Kf6 59.Bb5 Rg1 60.
a5 Rxg4 61.a6 Rg7 62.Bc6 Ra7 63.Bb7 h5 64.Kxd4 h4 65.Kc5 h3 66.Kb6 Rxb7+ 
67.axb7 h2 68.b8=Q h1=Q 69.Qe5+ Kf7 70.Qe4 Qh6+ 71.Kc7 Qg7 72.Qe5 Qg3 73.
d4 Qb3 74.f5 Qc4+ 75.Qc5 Qa4 76.Qd5+ Kf6 77.Qc6+ 1-0

[Event "Carlsen Inv Prelim"]
[Site "chess24.com INT"]
[Date "2020.04.29"]
[Round "6.1"]
[White "Caruana, F"]
[Black "Vachier Lagrave, M"]
[Result "1-0"]
[WhiteElo "2835"]
[BlackElo "2778"]
[EventDate "2020.04.18"]
[WhiteTitle "GM"]
[BlackTitle "GM"]
[WhiteFideId "2020009"]
[BlackFideId "623539"]

1.d4 d5 2.c4 c6 3.Nf3 Nf6 4.e3 Bf5 5.Nc3 e6 6.Nh4 Be4 7.f3 Bg6 8.Qb3 Qc7 
9.Bd2 Be7 10.cxd5 cxd5 11.Nxg6 hxg6 12.O-O-O a6 13.Kb1 Nc6 14.Rc1 Rb8 15.
Bd3 Rxh2 16.Ne2 Rxh1 17.Rxh1 b5 18.e4 Qb6 19.Qd1 Nb4 20.Bxb4 Bxb4 21.e5 
Nd7 22.f4 Nf8 23.g4 Be7 24.Ng3 Rc8 25.Rh8 Kd8 26.Bc2 f5 27.exf6 gxf6 28.
Bxg6 Kc7 29.Bc2 Kb8 30.Ne2 Qc7 31.a4 bxa4 32.Bxa4 Nd7 33.Rh7 Nb6 34.Bb3 
Qd6 35.Qd3 Nc4 36.Bxc4 Rxc4 37.Qe3 Rc7 38.Nc3 Rb7 39.f5 exf5 40.gxf5 Bd8 
41.Rxb7+ Kxb7 42.Na4 Ka7 43.Qe8 Bc7 44.Nc5 Qf4 45.Qc8 Qf1+ 46.Ka2 Qc4+ 47.
Ka3 1-0

[Event "Carlsen Inv Prelim"]
[Site "chess24.com INT"]
[Date "2020.04.25"]
[Round "4.2"]
[White "Giri, A"]
[Black "Ding Liren"]
[Result "0-1"]
[WhiteElo "2764"]
[BlackElo "2791"]
[EventDate "2020.04.18"]
[WhiteTitle "GM"]
[BlackTitle "GM"]
[WhiteFideId "24116068"]
[BlackFideId "8603677"]

1.d4 Nf6 2.c4 g6 3.Nc3 d5 4.cxd5 Nxd5 5.e4 Nxc3 6.bxc3 Bg7 7.Bc4 c5 8.Ne2 
Nc6 9.Be3 O-O 10.O-O b6 11.Rc1 Bb7 12.Bb5 cxd4 13.cxd4 Rc8 14.Qd2 e6 15.
Rfd1 Na5 16.Rxc8 Qxc8 17.Bg5 Qc7 18.d5 exd5 19.exd5 Qc5 20.Qd3 Qd6 21.Bf4 
Be5 22.Bxe5 Qxe5 23.d6 Rd8 24.d7 Nc6 25.Nc3 a6 26.Bxa6 Bxa6 27.Qxa6 Qxc3 
28.Qc8 Qc2 29.Re1 Qd2 30.Re8+ Kg7 31.h3 Qd1+ 32.Kh2 Qd6+ 33.g3 Rxd7 0-1

[Event "Carlsen Inv Prelim"]
[Site "chess24.com INT"]
[Date "2020.04.21"]
[Round "2.2"]
[White "Caruana, F"]
[Black "Ding Liren"]
[Result "1/2-1/2"]
[WhiteElo "2835"]
[BlackElo "2791"]
[EventDate "2020.04.18"]
[WhiteTitle "GM"]
[BlackTitle "GM"]
[WhiteFideId "2020009"]
[BlackFideId "8603677"]

1.e4 c5 2.Nf3 d6 3.d4 cxd4 4.Nxd4 Nf6 5.Nc3 a6 6.Qd3 e6 7.a4 b6 8.Qg3 Bb7 
9.f3 Nbd7 10.Be3 Rc8 11.Be2 Be7 12.O-O O-O 13.Kh1 Re8 14.Rad1 Qc7 15.Nb3 
Qb8 16.Bd4 h6 17.Bd3 Nh5 18.Qf2 Nf4 19.Bxb6 Nxd3 20.Rxd3 Ne5 21.Rdd1 Nc4 
22.Rb1 Bc6 23.Bd4 Qb4 24.Nc1 Qb7 25.Nd3 e5 26.Be3 d5 27.exd5 Bxd5 28.Bc5 
Bg5 29.Rbd1 e4 30.fxe4 Bxe4 31.Rde1 Bxd3 32.Rxe8+ Rxe8 33.cxd3 Nd2 34.Rd1 
Qxb2 35.Ne4 Qb3 36.Rxd2 Rxe4 37.dxe4 Qb1+ 38.Qg1 Qxg1+ 39.Kxg1 Bxd2 40.Kf2
f6 41.Ke2 Bf4 42.h3 Kf7 43.Kd3 Ke6 44.Bf2 g6 45.Bd4 h5 46.Kc4 Bd6 47.Bf2 
Ba3 48.Bc5 Bc1 49.Bb4 Be3 50.Bc3 h4 51.Ba5 g5 52.Bc7 Bf4 53.Bxf4 gxf4 54.
Kd4 a5 55.Kc5 Ke5 56.Kb5 Kxe4 57.Kxa5 Ke3 58.Kb4 Kf2 59.a5 Kxg2 60.a6 f3 
61.a7 f2 62.a8=Q+ Kg1 63.Qa7 Kg2 64.Qg7+ Kxh3 65.Qxf6 Kg2 66.Qg5+ Kh2 67.
Qf4+ Kg2 68.Qg4+ Kh2 69.Qxh4+ Kg2 70.Qg4+ Kh2 71.Qf3 Kg1 72.Qg3+ Kh1 73.
Qxf2 1/2-1/2

[Event "Carlsen Inv Prelim"]
[Site "chess24.com INT"]
[Date "2020.04.22"]
[Round "3.1"]
[White "Caruana, F"]
[Black "Carlsen, M"]
[Result "0-1"]
[WhiteElo "2835"]
[BlackElo "2863"]
[EventDate "2020.04.18"]
[WhiteTitle "GM"]
[BlackTitle "GM"]
[WhiteFideId "2020009"]
[BlackFideId "1503014"]

1.e4 Nf6 2.e5 Nd5 3.d4 d6 4.c4 Nb6 5.f4 g6 6.Nc3 Bg7 7.Be3 Be6 8.Nf3 O-O 
9.b3 dxe5 10.dxe5 Nc6 11.Ne4 f6 12.Nc5 Qc8 13.exf6 Bxf6 14.Be2 Rd8 15.Qc1 
Bf5 16.O-O Nd7 17.Nd3 Bxa1 18.Qxa1 Nf6 19.Nde5 Nxe5 20.Nxe5 Qe6 21.Bd4 Nd7
22.h3 Nxe5 23.Bxe5 c6 24.Qc3 h5 25.Re1 Kf7 26.Qg3 Rd2 27.Bf3 Rd3 28.Qg5 
Rad8 29.Kf2 Rd2+ 30.Kg3 R8d3 31.Qh6 Bxh3 32.Kh4 Rxg2 0-1